Policía en bancarrota: un país de manos y pies atados /

Salvato in:
Dettagli Bibliografici
Autore principale: Fernández Ampié, Guillermo
Altri autori: Mendoza, María Mercedes
Natura: testo
Tags: Aggiungi Tag
Nessun Tag, puoi essere il primo ad aggiungerne!!

MARC

LEADER 00000 a a2200000 04500
001 45949
003
040
100 |a Fernández Ampié, Guillermo  
245 |a Policía en bancarrota:   |b un país de manos y pies atados /  |c Guillermo Fernández Ampié, María Mercedes Mendoza  
700 |a Mendoza, María Mercedes  
773 |g volumen14, número371 (1994), páginas 17-24: fotos  
999 |c 17834  |d 17834